banner-ar

مذكرات جيفارا عن الثورة الكوبية (هديه من الآديب عبدالفتاح الجمل) / (Record no. 43672)

MARC details
000 -الفاتح
حقل البيانات ثابتة الطول 00694nam a2200205Ia 4500
008 - عناصر البيانات ثابتة الطول - معلومات عامة
حقل البيانات ثابتة الطول 140319s9999 xx 000 0 ara d
040 ## - مصدر الفهرسة
وكالة الفهرسة الأصلية GCL /
وكالة النسخ GCL
082 04 - رقم تصنيف ديوى العشرى
رقم التصنيف 920.71
رقم المادة ج م
100 1# - المدخل الرئيسى - إسم شخصى
الإسم الشخصى الهيثم الايوبى
245 10 - بيان العنوان
العنوان مذكرات جيفارا عن الثورة الكوبية (هديه من الآديب عبدالفتاح الجمل) /
بيان المسئوليه,etc الهيثم الايوبى
700 1# - المدخل الاضافى - اسم شخصى
الإسم الشخصى تشى غيفارا
700 1# - المدخل الاضافى - اسم شخصى
الإسم الشخصى محمد جمال وثوره (تعريب وترجمة)
300 ## - الوصف المادى
التعداد 215
490 ## - بيان السلسلة
عنوان السلسلة 100 قصة
رقم المجلد/ التعيين التسلسلي 0
650 04 - المدخل الاضافى بالموضوع-مصطلح موضوعى
مصطلح موضوعي المذكرات
650 04 - المدخل الاضافى بالموضوع-مصطلح موضوعى
مصطلح موضوعي التراجم الذاتية
650 04 - المدخل الاضافى بالموضوع-مصطلح موضوعى
مصطلح موضوعي كوبا - الثورات
942 ## - عناصر المدخل الإضافي( كوها)
مصدر التصنيف او مخطط الترفيف Dewey Decimal Classification
Koha [default] item type كتاب
Holdings
حالة التراجع حالة الفقد حالة تلف ليس للاعارة المكان المؤقت الموقع الحالى تاريخ الاكتساب اجمالي اﻻعارات رقم الطلب الباركود تاريخ اخر مشاهدة تاريخ تفعيل السعر نوع وعاء كوها
        مكتبة القاهرة الكبرى مكتبة القاهرة الكبرى 03/26/2014   920.71\ج م 105799 03/26/2014 03/26/2014 كتاب

Powered By

EGPV